All Eurowings Destinations (2024) - Statistics

General Stats
  • This quiz has been taken 89 times
    75 since last reset
  • The average score is 119 of 180
Answer Stats
Hint Answer % Correct
Austria Vienna
98%
Albania Tirana
93%
Denmark Copenhagen
91%
Czechia Prague
91%
Austria Salzburg
91%
Bulgaria Sofia
91%
Finland Helsinki
89%
France Marseille
89%
France Nice
89%
France Paris (CDG)
89%
Bosnia & Herzegovina Sarajevo
89%
Croatia Split
89%
Armenia Yerevan
89%
Croatia Zagreb
89%
Netherlands Amsterdam
87%
Turkey Antalya
87%
Greece Athens
87%
Spain Barcelona
87%
Germany Berlin
87%
Hungary Budapest
87%
Portugal Lisbon
87%
Portugal Porto
87%
Iceland Reykjavik
87%
Sweden Stockholm
87%
Switzerland Zurich
87%
Switzerland Basel/Mulhouse/Frieburg
84%
Lebanon Beirut
84%
Serbia Belgrade
84%
United Kingdom Birmingham
84%
Romania Bucharest
84%
Canada Calgary
84%
Morocco Casablanca
84%
Germany Cologne
84%
UAE Dubai
84%
Ireland Dublin
84%
United Kingdom Edinburgh
84%
Germany Hamburg
84%
United Kingdom London (Heathrow)
84%
France Lyon
84%
Italy Milan (MXP)
84%
Germany Munich
84%
Kenya Nairobi
84%
Norway Oslo
84%
Italy Rome
84%
Estonia Tallinn
84%
Israel Tel Aviv
84%
Tunisia Tunis
84%
Spain Alicante
82%
Germany Dusseldorf
82%
Portugal Faro
82%
Germany Frankfurt
82%
Switzerland Geneva
82%
Sweden Gothenburg
82%
Austria Graz
82%
Saudi Arabia Jeddah
82%
Poland Krakow
82%
Spain Malaga
82%
United Kingdom Manchester
82%
Italy Naples
82%
Mexico Cancun
80%
Moldova Chisinau
80%
Croatia Dubrovnik
80%
Germany Hanover
80%
Austria Innsbruck
80%
Maldives Male
80%
Malta Malta
80%
Morocco Marrakech
80%
Mauritius Mauritius
80%
Spain Palma de Mallorca
80%
Germany Stuttgart
80%
Spain Valencia
80%
Italy Venice
80%
Norway Bergen
78%
Poland Gdansk
78%
Spain Ibiza
78%
Germany Leipzig
78%
United Kingdom Newcastle
78%
Kosovo Pristina
78%
Georgia Tbilisi
78%
Italy Verona
78%
Spain Bilbao
76%
Greece Corfu
76%
Italy Florence
76%
Turkey Izmir
76%
Cyprus Larnaca
76%
Italy Palermo
76%
Italy Bari
73%
Italy Catania
73%
Spain Gran Canaria
73%
Greece Kos
73%
Spain Menorca
73%
Germany Nuremberg
73%
Dominican Republic Punta Cana
73%
Italy Bologna
71%
Germany Dortmund
71%
Egypt Hurghada
71%
Italy Pisa
71%
Greece Rhodes
71%
Greece Santorini
71%
Spain Tenerife (South)
71%
Greece Thessaloniki
71%
Norway Tromso
71%
Germany Dresden
69%
Portugal Funchal
69%
Greece Heraklion
69%
Austria Linz
69%
Greece Mykonos
69%
Namibia Windhoek
69%
Tanzania Zanzibar
69%
Italy Cagliari
67%
Spain Lanzarote
67%
Bulgaria Varna
67%
Croatia Zadar
67%
Germany Bremen
64%
Bulgaria Burgas
64%
Iraq Erbil
64%
Morocco Fes
64%
Spain Fuerteventura
64%
Morocco Agadir
62%
Greece Chania
62%
Canada Halifax
62%
France Montpellier
62%
Croatia Pula
62%
Finland Rovaniemi
62%
Greece Zakynthos
60%
United States Orlando
58%
Croatia Rijeka
58%
Morocco Tangier
58%
Turkey Bodrum
56%
Tunisia Djerba
56%
Italy Bergamo
53%
Tanzania Kilimanjaro
53%
Spain Santiago de Compostela
53%
Greece Kalamata
51%
Germany Karlsruhe/Baden-Baden
51%
Spain La Palma
51%
Egypt Marsa Alam
51%
Morocco Nador
51%
Italy Olbia
51%
United States Tampa
51%
Italy Brindisi
49%
Romania Iasi
49%
Spain Jerez de la Frontera
49%
Montenegro Tivat
49%
France Bastia
47%
Finland Kittila
47%
Germany Westerland/Sylt
47%
Turkey Adana
44%
Italy Lamezia Terme
44%
United States Las Vegas
44%
Tunisia Monastir
44%
Greece Preveza/Lefkada
44%
Greece Samos
44%
Germany Munster/Osnabruck
40%
France Calvi
38%
Germany Memmingen
38%
Germany Paderborn
38%
United States Philadelphia
38%
Greece Skiathos
38%
Finland Ivalo
36%
Turkey Kayseri
33%
Tunisia Sfax
33%
Zimbabwe Victoria Falls
33%
United Kingdom Jersey
31%
Germany Saarbrucken
31%
Greece Karpathos
29%
Greece Kavala
29%
Turkey Samsun
29%
United Kingdom Newquay
27%
Germany Erfurt
24%
Mexico Tulum
24%
Sweden Kiruna
22%
United States Fort Myers
20%
Greece Volos
20%
United States Anchorage
18%
Finland Kajaani
9%
Turkey Kutahya
9%
Norway Alta
7%
Norway Harstad-Narvik
7%
Finland Kussamo
2%
No matching quizzes found
Score Distribution
Percent of People with Each Score
Percentile by Number Answered
Your Score History
You have not taken this quiz since the last reset